00806nam a22001817a 4500008004100000020001500041050002200056100004400078245013700122260003400259300002300293504001800316505015200334650003600486650003200522650003200554700003800586161026s2006 mx ||||fr|||| 00| 0 spa d a970076392704aKGF3061bO54 20061 aOlea y Contró, Jean Paul Hubereautor13aEl proceso electoralb : (derecho del proceso electoral)c / Jean Paul Huber Olea y Contró; prólogo de Eduardo Andrade Sánchez3 aMéxicob : Porrúac, 2006 axvi, 475 páginas a(pp. 465-466) aAntecedentes históricos Generalidades Preparación de la elección La jornada electoral Cómputos y declaraciones de validez de las elecciones14aELECCIONES IMPUGNADASzMÉXICO24aDERECHO ELECTORALzMÉXICO34aCOLEGIO ELECTORALzMÉXICO1 aAndrade Sánchez, Eduardoeautor